Katalytická epoxidácia propénu v plynnej fáze
Guardado en:
| Autor principal: | |
|---|---|
| Otros Autores: | |
| Formato: | Manuscrito Libro |
| Lenguaje: | eslovaco |
| Publicado: |
2017
|
| Materias: | |
| Acceso en línea: | http://is.stuba.sk/zp/portal_zp.pl?podrobnosti=111281 |
| Etiquetas: |
Sin Etiquetas, Sea el primero en etiquetar este registro!
|
MARC
| LEADER | 00000ntm a22000003a 4500 | ||
|---|---|---|---|
| 001 | stuzp64297 | ||
| 003 | SK-STU | ||
| 005 | 20170715210815.5 | ||
| 007 | ta | ||
| 008 | 150427s2015----xo-----f-mn---000-0-slo-d | ||
| 040 | |a STU |b slo | ||
| 041 | 0 | |a slo | |
| 100 | 1 | |a Kurčová, Petra |u 048130 |4 aut |U FCHPT Ústav organickej chémie, katalýzy a petrochémie |T FCHPT Oddelenie organickej technológie, katalýzy a ropy |X 74871 |U C8130 |Y 123 |7 74871 | |
| 242 | 0 | 1 | |a Catalytic epoxidation of propene in the gas phase |y eng |
| 245 | 1 | 0 | |a Katalytická epoxidácia propénu v plynnej fáze |
| 260 | |c 2017 | ||
| 650 | 4 | |a propylén |2 slo | |
| 650 | 4 | |a katalyzátor |2 slo | |
| 650 | 4 | |a aktívny kov |2 slo | |
| 650 | 4 | |a propylénoxid |2 slo | |
| 650 | 4 | |a promotór |2 slo | |
| 650 | 4 | |a prekurzor |2 slo | |
| 650 | 4 | |a propylene |2 eng | |
| 650 | 4 | |a catalyst |2 eng | |
| 650 | 4 | |a active metal |2 eng | |
| 650 | 4 | |a promoter |2 eng | |
| 650 | 4 | |a propylene oxide |2 eng | |
| 650 | 4 | |a prodrug |2 eng | |
| 700 | 1 | |a Horváth, Blažej |u 048130 |k Z2 |4 ths |U FCHPT Ústav organickej chémie, katalýzy a petrochémie |T FCHPT Oddelenie organickej technológie, katalýzy a ropy |X 3937 |U C8130 |Y 123 |7 A000003937 | |
| 856 | 4 | |u http://is.stuba.sk/zp/portal_zp.pl?podrobnosti=111281 | |